000 00396nam a2200157Ia 4500
008 230711s9999||||xx |||||||||||||| ||und||
041 _aENG
082 _a621.3
_bHU-E
100 _aHunter Thomas
245 0 _aEngineering design for safety
250 _a1st
260 _c1992
_aNew Delhi
_bTata McGraw Hill Education Limited
300 _a298
650 _aMechanical Engineering
942 _cBK
999 _c2770
_d2770